00426nam a2200181Ia 4500003000400000005001700004008004100021020001400062040000700076041000800083082001500091100001800106245004100124260004000165300001400205365001300219650001200232OSt20230429110645.0210423s2001 xx 000 0 und d a817649237 cAL aeng a574.3 TWYR aTWYMAN (R M). aInstant notes developmental biology. aNew DelhibViva Books Pvt Ltdc2001 ax,451bPB b195cINR aBiology